| 000 | 00458pab a2200193 454500 | ||
|---|---|---|---|
| 008 | 180718b2012 xxu||||| |||| 00| 0 eng d | ||
| 100 | _aRay, Saon | ||
| 245 | _aThe ethanol blending policy in India | ||
| 260 | _c2012 | ||
| 300 | _ap.23-24. | ||
| 362 | _a7 Jan | ||
| 650 | _aEthanol - India | ||
| 650 | _aEthanol | ||
| 700 | _aMiglani, Smita | ||
| 700 | _aGoldar, Amrita | ||
| 773 | _aEconomic and Political Weekly | ||
| 908 | _aN | ||
| 909 | _a95595 | ||
| 999 |
_c95595 _d95595 |
||